الشفافية ومحاربة الفساد فى قطاع الصحة /

يمثل هذا الكتاب محصلة لأعمال الندوة المصرية الفرنسية الثالثة التى انعقدت بالقاهرة فى الفترة من 29 سبتمبر الى اول اكتوبر 1990 فى موضوع التحولات الديمقراطية فى الوطن العربى....

全面介绍

Saved in:
书目详细资料
主要作者: سراج الدين، إسماعيل
其他作者: بدرواي، حسام، (معد.), يوسف، محسن، (معد.)
格式: 图书
语言:阿拉伯语
出版: الإسكندرية : مكتبة الإسكندرية، 2007.
主题:
标签: 添加标签
没有标签, 成为第一个标记此记录!

MARC

LEADER 00000nam a22000007a 4500
003 INP
005 20201003220158.0
008 171231s2007 ua ||||fr|||| 00| 0 ara d
952 |0 0  |1 0  |4 0  |6 س_ش_362_109620000000000  |7 0  |8 arabic_Boo  |9 20691  |a INP  |b INP  |c MAIN  |d 2020-09-08  |l 0  |o س ش 362.10962  |p 021557  |r 2022-03-28 00:00:00  |w 2020-09-08  |y BK 
999 |c 16742  |d 16742 
017 |a 2007/4166 
020 |a 9789776163621 
040 |a EG-INP  |b ara  |c EG-INP 
082 0 4 |2 21  |a 362.10962  |b س ش 
100 1 |a سراج الدين، إسماعيل  
245 1 2 |a الشفافية ومحاربة الفساد فى قطاع الصحة /   |c  تقديم إسماعيل سراج الدين ؛ إعداد وتحرير حسام بدرواي، محسن يوسف. 
260 |a الإسكندرية :   |b مكتبة الإسكندرية،   |c 2007. 
300 |a 97 ص. ؛   |c 24 سم. 
520 |a يمثل هذا الكتاب محصلة لأعمال الندوة المصرية الفرنسية الثالثة التى انعقدت بالقاهرة فى الفترة من 29 سبتمبر الى اول اكتوبر 1990 فى موضوع التحولات الديمقراطية فى الوطن العربى. 
650 7 |2 qramk  |a الرعاية الصحية  |z مصر 
650 7 |2 qramk  |a الفساد  |z مصر 
650 7 |2 qramk  |a الرعاية الإجتماعية 
700 1 |a بدرواي، حسام،   |e معد. 
700 1 |a يوسف، محسن،   |e معد. 
901 |a EGPV2 
903 |a original 
942 |2 ddc  |c BK